Statistics for Malaysian Cuisine - Part 1

Click here to take the quiz!

General Stats

  • This quiz has been taken 167 times
  • The average score is 6 of 15

Answer Stats

HintAnswer% Correct
A Malay fragrant rice dish cooked in coconut milk and pandan leaf. It is commonly found in Malaysia, where it is considered the national dish.Nasi lemak
99%
A dish consisting of small pieces of meat grilled on a skewer and served with a spiced sauce that typically contains peanuts.Satay
80%
A type of Indian-influenced flatbread found in Brunei, Malaysia, Indonesia and Singapore.Roti canai
79%
A Malaysian dish of Chinese origin, consisting of rice noodles served in a curry sauce or hot soup.Laksa
57%
A beef or chicken dish slowly cooked in coconut milk and a paste of mixed ground spices (includes ginger, galangal, turmeric leaves, lemongrass, garlic, shallot and chilli).Rendang
57%
It is a small pie consisting of specialised curry with chicken and potatoes in a deep-fried or baked pastry shell, and it looks like the Portuguese stuffed bread called Empanada.Curry puff
46%
A type of dumpling made from rice packed inside a diamond-shaped container of woven palm leaf pouch.Ketupat
31%
A Malay condiment made from fermented durian.Tempoyak
31%
Hot relish made with vegetables or fruit and spices.Sambal
30%
Tiny crusty sponge cakes which come in distinctive shapes like button and goldfish, acquired from being baked in moulded pans. It is usually baked and served for festive occasions.Bahulu
23%
A two-layered dessert with steamed glutinous rice forming the bottom half and a green custard layer made with pandan juiceSeri muka
22%
It is a casserole of chicken pieces braised in spicy tomato sauce.Ayam masak merah
15%
Made from flat rice noodles stir-fried over very high heat with light and dark soy sauce, chilli, a small quantity of belachan, whole prawns, deshelled blood cockles, bean sprouts and chopped Chinese chives.Char kway teow
12%
Fish (normally mackerel tuna or snapper) cooked in tamarind fruit juice with chili and different spices.Asam pedas
11%
A traditional spicy Malay rice porridge cooked heavily with coconut milk and mixed with cumin, fennel, garlic, onions, dried prawns and black pepper.Bubur lambuk
10%

Score Distribution

Percentile by Number Answered

Percent of People with Each Score

Your Score History

You have not taken this quiz